000 01079nam0a22002771 4500
001 rc\4593647
005 20260407215929.0
021 _aRU
_b67-51935
021 _aRU
_bРг7183-67
035 _a(NLR Aleph) 008385221
090 _a9142759
_c9142759
100 _a20130416d1967 |||y0rusy50 ca
101 0 _arus
102 _aRU
105 _ay z |||||
200 1 _aМетодический материал в помощь работникам пионерских лагерей
_fМолдав. респ. совет профсоюзов. Центр. ком. ЛКСМ Молдавии. Респ. школа пионерских работников
210 _aПермь
_cБ. и.
_d1967
215 _a183 с.
_d20
300 _aОтпеч. множит. аппаратом
320 _aБиблиогр.: с. 177-181
712 0 2 _aМолдавский республиканский совет профсоюзов
_3RU\NLR\AUTH\8810146115
_9786559
801 0 _aRU
_bNLR
_gpsbo
801 1 _aRU
_bELAR
_2rusmarc
852 _aNLR
_j67-3/4202
942 _cBOOK
980 _aNB